000 00655nam a2200241Ia 4500
003 OSt
005 20221002050620.0
006 a|||||r|||| 00| 0
007 ta
008 220930b |||||||| |||| 00| 0 eng d
024 _a16718
037 _cReference Collections
040 _aCRL
_cCRL
_beng
041 _2eng
_aeng
082 _aw4(Y15),N9, N4(RR)
100 _aRavi Bhushan ed.
_96588
245 0 _aAsian women
260 _aDelhi
_bRifacimento International
_c1994
300 _a245p.
_ccm.
650 _aBIOGRAPHY
942 _hw4(Y15),N9, N4(RR)
_cref
_2CC
999 _c915027
_d915027